[Event "Heraklion SOI op 5th"]
[Site "Heraklion"]
[Date "2012.04.18"]
[Round "3"]
[White "Papadimitrakis, Konstantinos"]
[Black "Koumis, Ioannis"]
[Result "1-0"]
[WhiteElo "1340"]
[BlackElo "1005"]
[PlyCount "111"]
[EventDate "2012.04.17"]
[EventType "swiss"]
[EventRounds "7"]
[EventCountry "GRE"]
[SourceTitle "EXT 2024"]
[Source "ChessBase"]
[SourceDate "2023.10.10"]
[SourceVersion "1"]
[SourceVersionDate "2023.10.10"]
[SourceQuality "1"]

1. d4 d5 2. Bf4 Nf6 3. Nf3 Bg4 4. Nbd2 Nc6 5. c3 e6 6. e3 a6 7. h3 Bxf3 8. Nxf3 h6 9. Bd3 Bd6 10. Ne5 0-0 11. 0-0 Ne4 12. Qc2 f5 13. Bxe4 fxe4 14. c4 Bxe5 15. Bxe5 Nxe5 16. dxe5 Qg5 17. cxd5 exd5 18. Qxc7 Rf7 19. Qc5 Qxe5 20. b3 Raf8 21. Rad1 Kh8 22. Qxd5 Qb2 23. Rd2 Qf6 24. Qxe4 g5 25. Qd4 Qxd4 26. Rxd4 b5 27. Rd6 Kh7 28. Rxa6 Rd8 29. a4 b4 30. Rb6 Rdd7 31. Rxb4 Rb7 32. Rxb7 Rxb7 33. Rb1 Rb4 34. Kf1 Kg6 35. Ke2 Kf5 36. Kd3 h5 37. a5 Ke5 38. Kc3 Rb8 39. b4 Kd5 40. Rd1+ Kc6 41. e4 Rc8 42. Rd5 Kb7+ 43. Rc5 Rf8 44. f3 Rg8 45. b5 g4 46. Rxh5 g3 47. Rh7+ Kb8 48. a6 Rc8+ 49. Kd3 Ka8 50. b6 Rd8+ 51. Ke3 Kb8 52. Rg7 Rc8 53. a7+ Ka8 54. b7+ Kxa7 55. bxc8Q+ Kb6 56. Rb7+ 1-0